Score 0/18 Timer 02:00
0 Plays Today
LYRIC ANIMAL % Correct
I am the ___WALRUS
88.1%
in an ___'s gardenOCTOPUS
75.3%
___ singing in the dead of nightBLACKBIRD
74.7%
...and your ___ can singBIRD
72.4%
...a young boy by the name Rocky ___RACCOON
70.4%
...except for me and my ___MONKEY
49%
Henry the ___ dances the waltzHORSE
48.1%
...sitting here in Blue ___ WayJAY
45%
I dig a ___PONY
39.8%
LYRIC ANIMAL % Correct
...with his ___ and gunELEPHANT
33.8%
Have you seen the little ___PIGGIES
33%
He went out ___ huntingTIGER
32.8%
Elementary ___ singing Hare KrishnaPENGUIN
18.8%
Semolina ___ climbing upPILCHARD
18.4%
...like a ___ on a window paneLIZARD
15.5%
Leave my ___ all aloneKITTEN
11.7%
___ doing it againBULLFROG
10.5%
___ standing in the rainSHEEPDOG
9.2%

Today's Daily Dose

Remove Ads.
Support Sporcle.
Get the best of Sporcle when you Go Orange. This ad-free experience offers more features, more stats, and more fun while also helping to support Sporcle. Thank you for becoming a member.

You're not logged in!

Compare scores with friends on all Sporcle quizzes.
OR
Log In

Show Comments

Extras

Top Quizzes Today


Score Distribution

Your Account Isn't Verified!

In order to create a playlist on Sporcle, you need to verify the email address you used during registration. Go to your Sporcle Settings to finish the process.

Report this User

Report this user for behavior that violates our Community Guidelines.

Details: